000 00663nam a2200253Ia 4500
005 20260121160356.0
008 008 260114s9999 xx 000 0 eng d
020 _a9781315230733
037 _aEBOOK
040 _aCRL
040 _beng
040 _cCRL
041 _2eng
041 _aeng
084 _qCRL
100 _a ·ngels Carab¡; Josep M. Armengol; Teresa Requena; Marta Bosch Vilarrubias
_91031145
245 0 _aMasculinities and Literary Studies
260 _bTaylor and Francis
260 _c2017
856 _uhttp://www.taylorfrancis.com/books/9781315230733
942 _cEBOOK
999 _c1597961
_d1597961